Weighing up the factors when it comes to debts (Record no. 67220)
[ view plain ]
| 000 -LEADER | |
|---|---|
| fixed length control field | 01100cam a2200241 4500 |
| 001 - CONTROL NUMBER | |
| control field | ABS63931 |
| 008 - FIXED-LENGTH DATA ELEMENTS--GENERAL INFORMATION | |
| fixed length control field | 000000n2001 000 0 eng u |
| 035 ## - SYSTEM CONTROL NUMBER | |
| System control number | (Sirsi) u112922 |
| 100 ## - MAIN ENTRY--PERSONAL NAME | |
| Personal name | Crossman, H |
| 245 ## - TITLE STATEMENT | |
| Title | Weighing up the factors when it comes to debts |
| 260 ## - PUBLICATION, DISTRIBUTION, ETC. | |
| Date of publication, distribution, etc. | 2001 |
| 490 ## - SERIES STATEMENT | |
| Series statement | Construction News |
| Volume/sequential designation | (6713) 26 April 2001, 37(1) |
| 520 ## - SUMMARY, ETC. | |
| Summary, etc. | Reports on the use of factoring in the construction industry, a process which involves the sale of debts to a factor with the aim of improving cash flow, and is often adopted by subcontractors awaiting payment by main contractors. Emphasises that contractors should be aware of factoring and its potential implications such as being an early indicator of a subcontractor's insolvency, but also highlights that it can be adopted by solvent firms to effectively manage cash flow. Case law. |
| 590 ## - LOCAL NOTE (RLIN) | |
| Local note | ABS |
| 650 ## - SUBJECT ADDED ENTRY--TOPICAL TERM | |
| Topical term or geographic name entry element | FACTORS |
| 650 ## - SUBJECT ADDED ENTRY--TOPICAL TERM | |
| Topical term or geographic name entry element | Insolvency |
| 9 (RLIN) | 6247 |
| 650 ## - SUBJECT ADDED ENTRY--TOPICAL TERM | |
| Topical term or geographic name entry element | DEBT MANAGEMENT |
| 650 ## - SUBJECT ADDED ENTRY--TOPICAL TERM | |
| Topical term or geographic name entry element | CONTRACTORS |
| 650 ## - SUBJECT ADDED ENTRY--TOPICAL TERM | |
| Topical term or geographic name entry element | SUBCONTRACTORS |
| 650 ## - SUBJECT ADDED ENTRY--TOPICAL TERM | |
| Topical term or geographic name entry element | CONSTRUCTION INDUSTRY |
| 690 ## - LOCAL SUBJECT ADDED ENTRY--TOPICAL TERM (OCLC, RLIN) | |
| Topical term or geographic name as entry element | BUILT ENVIRONMENT |
| 942 ## - ADDED ENTRY ELEMENTS (KOHA) | |
| Suppress in OPAC | 0 |
| Withdrawn status | Lost status | Source of classification or shelving scheme | Damaged status | Not for loan | Home library | Current library | Shelving location | Date acquired | Total Checkouts | Full call number | Barcode | Date last seen | Copy number | Price effective from | Koha item type |
|---|---|---|---|---|---|---|---|---|---|---|---|---|---|---|---|
| Dewey Decimal Classification | London | London | Journal article | 01/06/2001 | ABS63931 | 112922-1001 | 06/08/2019 | 1 | 06/08/2019 | Journal article |